Statistics for European Geography By Letter - D

Click here to take the quiz!

General Stats

  • This quiz has been taken 44,844 times
    (44,816 since last reset)
  • The average score is 12 of 20

Answer Stats

Clue Answer % Correct
Ireland's capitalDublin
99%
Scandinavian countryDenmark
98%
German name for GermanyDeutschland
93%
Longest river in the EUDanube
90%
Term for a person from the NetherlandsDutch
87%
French city famous for mustardDijon
82%
Home to the White CliffsDover
78%
German city devastated
by Allied firebombing in 1945
Dresden
73%
Major city of the Rhine-Ruhr regionDüsseldorf,
Dortmund,
or Duisburg
58%
Historic region of southern Croatia
that gives its name to a breed of dog
Dalmatia
57%
City renamed Londonderry in 1613Derry
53%
French city of British evacuation in WWIIDunkirk
51%
Walled city of southern CroatiaDubrovnik
46%
Scottish city on the Firth of TayDundee
43%
Term for a levee in the NetherlandsDike
43%
Swiss ski town and
World Economic Forum host
Davos
36%
Turkish strait, formerly
called the Hellespont
Dardanelles
29%
River upon which Kiev liesDnieper
29%
Capital of the Isle of ManDouglas
26%
River that flows to the sea at PortoDouro
15%

Score Distribution

Percentile by Number Answered

Percent of People with Each Score

Your Score History

You have not taken this quiz since the last reset